| 000 | 01124cam a2200301 ib4500 | ||
|---|---|---|---|
| 001 | 2460796 | ||
| 003 | YEEZEN | ||
| 005 | 20250724150224.0 | ||
| 008 | 241017s2024 ch ad g 000 0 chi d | ||
| 020 |
_a9786267401941 _q(平裝) : _cNT$680 |
||
| 040 |
_aTCPL _bchi _cTCPL _dTCPL _eccr |
||
| 042 | _anbic | ||
| 084 |
_a418.995 _2ncsclt |
||
| 090 | _a418.995 | ||
| 100 | 1 | _a李淳廉 | |
| 245 | 1 | 0 |
_a中醫芳療應用全書 : _b零基礎一次弄懂經絡、陰陽、五行!92種精油 x 2款按摩法, 順應四季、男女、人體法則的芳療事典! / _c李淳廉著 |
| 246 | 3 | 0 | _a零基礎一次弄懂經絡、陰陽、五行!92種精油 x 2款按摩法, 順應四季、男女、人體法則的芳療事典! |
| 250 | _a二版 | ||
| 260 |
_a臺北市 : _b麥浩斯出版 : _b家庭傳媒城邦分公司發行, _c2024.08 |
||
| 300 |
_a429面 : _b彩圖, 表 ; _c23公分 |
||
| 490 | 1 |
_a做自己的芳療師 ; _v2. |
|
| 500 | _a2024暢銷改版 | ||
| 650 | 7 |
_a芳香療法 _2lcstt. |
|
| 650 | 7 |
_a經絡療法 _2lcstt. |
|
| 650 | 7 |
_2lcstt _a中醫理論 |
|
| 830 | 0 |
_a做自己的芳療師 ; _v2. |
|
| 942 |
_2ccl _cBOOK |
||
| 999 |
_c7664 _d7664 |
||